000 01252nam a22003617a 4500
003 CHAP
005 20220329134520.0
008 971013s1980 r 00010 d
010 _a21466
011 _a22438
035 _a26533
040 _cCHAP
090 _aTesis
100 0 0 _aClaure Iriarte, Víctor Tito.
_923684
245 _aMejoramiento de maíz en el Centro Fitotécnico de Paimumani, Bolivia, por selección masal y selcción combinatoria de medios hermanos
260 _aChapingo, Méx. :
_bEl autor,
_c1980
300 _a136 h.
_b: gráfs.
502 _aTesis (M.C. Esp. en Genética) -- CP. Centro de Genética
590 _aALEPH
_b10
_c20130110
_lUCH01
_h1245
590 _aBATCH-UPD
_b10
_c20130110
_lUCH01
_h1719
590 _aBATCH-UPD
_b10
_c20130410
_lUCH01
_h1103
590 _aBATCH-UPD
_b10
_c20130914
_lUCH01
_h1749
590 _aCONVERSION
_b10
_c20130109
_lUCH01
_h1313
650 1 4 _aMaíz
_xBolivia.
_970893
650 1 4 _aMaíz
_xGenética.
_970963
650 1 4 _aMaíz
_xMejoramiento.
_971006
650 1 4 _aMaíz
_xSelección masal.
_971058
901 _aBK
942 _cFOLL
949 _bBC
_cTES
_d-61152
_eTS1
_i26533
_si
949 _bBC
_cTES
_d-61153
_eTS2
_fc.2
_i26533
_si
949 _bBC
_cTES
_d-61154
_eTS2
_fc.3
_i26533
_si
999 _c21466
_d21466